| 000 | 00877cam a2200241Ii 4500 | ||
|---|---|---|---|
| 001 | catofsilveryhueh00adam | ||
| 003 | CaSfIA | ||
| 005 | 20230525154930.0 | ||
| 007 | cr|||| | ||
| 008 | 790829s1979 nyu 000 1 eng d | ||
| 040 |
_aGUA _cGUA _dBGU _dUV$ _dBTCTA _dCRU _dCaSfIA |
||
| 020 | _c$1.75 | ||
| 035 | _a(OCoLC)5321292 | ||
| 050 | 1 | 4 |
_aPS3551.D26 _bC27 1979 |
| 100 | 1 |
_aAdams, Robert, _d1933- |
|
| 245 | 1 | 2 |
_aA cat of silvery hue : _h[electronic resource] _ba Horseclans novel / _cby Robert Adams. |
| 260 |
_aNew York : _bNew American Library, _c1979. |
||
| 300 |
_a167 p. ; _c18 cm. |
||
| 490 | 0 | _aA Signet book | |
| 655 | 7 |
_aScience fiction. _2gsafd |
|
| 856 | 4 | 1 |
_uhttp://www.archive.org/details/catofsilveryhueh00adam _zFree eBook from the Internet Archive |
| 856 | 4 | 2 |
_uhttp://www.openlibrary.org/books/OL24202923M _zAdditional information and access via Open Library |
| 999 |
_c20166 _d20166 |
||